000 02117nam a2200289 i 4500
001 000000374
003 DO-SdBNP
005 20250613104141.0
007 ta
008 081117s19uu dr ac 000 0 spa d
040 _aDO-SdBNP
_bspa
_cBNPHU
_erda
082 4 _axxx
_bxxx
_222
100 1 _aMarcelo, Nidia,
_eautor
_4aut.
_91256
245 1 0 _aNueva matemática :
_beducación primaria /
_cNidia Marcelo.
260 _aSanto Domingo :
_bSusaeta,
_c[19--].
264 1 _aSanto Domingo :
_bSusaeta,
_c19--?.
300 _avolumenes :
_bilustraciones, retratos ;
_c25 cm.
336 _atexto
_btxt
_2rdacontent
337 _asin mediación
_bn
_2rdamedia
338 _avolumen
_bnc
_2rdacarrier
500 _aEducación primaria
500 _aLa biblioteca solamente posee los volumenes 3, 4 y 5.
505 0 _av. 3--
_gCapitulo 1 --
_tConjuntos - Números - Numerales --
_gCapitulo 2 --
_tCombinaciones de adición - Sustración --
_gCapitulo 3 --
_tMás sobre adicción y sustración --
_gCapitulo 4 --
_tPlanos --
_gCapitulo 5 --
_tMultiplicación --
_gCapitulo 6 --
_tLa división --
_gCapitulo 7 --
_tFracciones y medidas --
_gCapitulo 8 --
_tFiguras geométricas.
505 0 _av. 4--
_gCapitulo 1 --
_tConjuntos - Números - Numerales --
_gCapitulo 2 --
_tAdicción - Sustración --
_gCapitulo 3 --
_tMultiplicación y división --
_gCapitulo 4 --
_tFracciones y números fraccionarios --
_gCapítulo 5 --
_tOperaciones con fracciones --
_gCapítulo 6 --
_tSistemas de medidas --
_gCapítulo 7 --
_tGeometría - Plano - Semiplano - Rectas --
_gCapítulo 8 --
_tFiguras en el espacio.
505 0 _av. 5--
_gCapítulo 1 --
_tConjuntos - Números - Numerales --
_gCapítulo 2 --
_tAdicción y sustración de números naturales --
_gCapítulo 3 --
_tMultiplicación y división --
_gCapítulo 4 --
_tTeoría de los números --
_gCapítulo 5 --
_tProposiciones --
_gCapítulo 6 --
_tConjunto de números fraccionarios --
_gCapítulo 7 --
_tAdicción y sustración de números fraccionarios --
_gCapítulo 8 --
_tMultiplicación y división de números fraccionarios --
_gCapítulo 9 --
_tGeometría --
_gCapítulo 10 --
_tGeometría. Construcciones.
942 _2ddc
_cLBS1
999 _c373
_d373